00785nam a2200169 4500001000700000003000900007005001700016007000300033008004100036100005000077245021500127260008200342300002100424500007200445700006400517852003400581124227ES-MaACL20260127062545.0t|070214s1919 sp r ||||1| spa d1 aRedonet y López-Dóriga, Luis, d1875-197210aCesión de terrenos del Estado y del Municipio a los Sindicatos Obreros Agrícolas b: conferencia del Excmo. Sr. D. Luis Redonet y López Dóriga, pronunciada en sesión pública del 27 de Marzo de 1919. aMadrid : b[s. n.], c1919 (fEstablecimiento Tipográfico de Jaime Ratés) a29 p. ; c22 cm. aPrecede al tít.: Real Academia de Jurisprudencia y Legislación. aReal Academia de Jurisprudencia y Legislación de España aES-MaACLj1863-F-23 bR.21490